Monthly bulletin of agricultural economics and statistics

Salvato in:
Dettagli Bibliografici
Natura: Periodico
Lingua:multilingua
Pubblicazione: Roma Food and Agriculture Organization of the United States
Tags: Aggiungi Tag
Nessun Tag, puoi essere il primo ad aggiungerne!!

MARC

LEADER 00000nas1a2200000 4500
001 0015249
005 20250730114820.9
022 |a 0027-0229 
041 0 |a mul 
044 |a IT 
245 1 0 |a Monthly bulletin of agricultural economics and statistics 
264 1 |a Roma  |b Food and Agriculture Organization of the United States